[Event "Moehnesee Cup-A 37th"]
[Site "Moehnesee"]
[Date "2011.09.03"]
[Round "5"]
[White "Busche, Klaus"]
[Black "Hoette, Philipp"]
[Result "0-1"]
[WhiteElo "2053"]
[BlackElo "1963"]
[PlyCount "86"]
[EventDate "2011.09.01"]
[EventType "swiss"]
[EventRounds "7"]
[EventCountry "GER"]
[SourceTitle "EXT 2013"]
[Source "ChessBase"]
[SourceDate "2012.11.22"]
[SourceVersion "1"]
[SourceVersionDate "2012.11.22"]
[SourceQuality "1"]

1. Nf3 c5 2. e3 Nf6 3. b3 Nc6 4. Bb2 d5 5. Bb5 Bg4 6. 0-0 e6 7. d3 Bd6 8. Nbd2 Qc7 9. h3 Bh5 10. Qe2 0-0-0 11. Bxc6 Qxc6 12. e4 Bb8 13. e5 Nd7 14. Rfe1 Qc7 15. d4 Rhf8 16. c4 Rde8 17. Rac1 f6 18. g4 Bg6 19. b4 fxe5 20. cxd5 e4 21. Ne5 exd5 22. bxc5 Nxe5 23. dxe5 Rxe5 24. c6 b6 25. Bxe5 Qxe5 26. Qa6+ Kd8 27. Nf1 Qf4 28. Qe2 d4 29. Rcd1 Be5 30. c7+ Kxc7 31. a4 h5 32. Rd2 hxg4 33. Qxg4 Qxg4+ 34. hxg4 Rf4 35. Nh2 Kc6 36. Rc1+ Kd5 37. Kg2 Be8 38. Ra2 a6 39. Kh3 g5 40. Rb2 Bxa4 41. Rxb6 Bb5 42. Kg2 e3 43. Kh3 Rxf2 0-1

[Event "GER-chT U20"]
[Site "Osnabrueck"]
[Date "2010.12.29"]
[Round "5.3"]
[White "Hoette, Philipp"]
[Black "Maiorov, Daniel"]
[Result "1/2-1/2"]
[WhiteElo "1928"]
[BlackElo "1936"]
[PlyCount "73"]
[EventDate "2010.12.27"]
[EventType "team-swiss"]
[EventRounds "7"]
[EventCountry "GER"]
[SourceTitle "CBM 140 Extra"]
[Source "ChessBase"]
[SourceDate "2011.03.01"]
[SourceVersion "1"]
[SourceVersionDate "2011.03.01"]
[SourceQuality "1"]
[WhiteTeam "Paderborn Schachfreunde"]
[BlackTeam "Koenigsspringer"]
[WhiteTeamCountry "GER"]
[BlackTeamCountry "GER"]

1. e4 Nc6 2. Nc3 Nf6 3. f4 d5 4. exd5 Nxd5 5. Nf3 Bf5 6. Bc4 e6 7. 0-0 Ndb4 8. d3 Nd4 9. Nxd4 Qxd4+ 10. Kh1 0-0-0 11. h3 Nxc2 12. Qxc2 Qxc4 13. dxc4 Bxc2 14. Be3 Bd3 15. Rfc1 Be7 16. a4 a6 17. c5 Bf6 18. b4 Bd4 19. Bd2 f6 20. Ra3 Bf5 21. Ra2 Rhe8 22. Ne2 e5 23. b5 exf4 24. Bxf4 Be3 25. Bxe3 Rxe3 26. c6 Rde8 27. Ng1 Be4 28. Rd2 bxc6 29. bxa6 Kb8 30. Rd7 Ka7 31. Rxc7+ Kxa6 32. Rxg7 Ra3 33. Ne2 Rxa4 34. Nc3 Ra5 35. Nxe4 Rxe4 36. Rxc6+ Kb5 37. Rc1 1/2-1/2

[Event "GER-chT U20"]
[Site "Osnabrueck"]
[Date "2010.12.28"]
[Round "4.3"]
[White "Hoette, Philipp"]
[Black "Sydorenko, Sascha"]
[Result "1-0"]
[WhiteElo "1928"]
[BlackElo "1824"]
[PlyCount "45"]
[EventDate "2010.12.27"]
[EventType "team-swiss"]
[EventRounds "7"]
[EventCountry "GER"]
[SourceTitle "CBM 140 Extra"]
[Source "ChessBase"]
[SourceDate "2011.03.01"]
[SourceVersion "1"]
[SourceVersionDate "2011.03.01"]
[SourceQuality "1"]
[WhiteTeam "Paderborn Schachfreunde"]
[BlackTeam "Bendorf"]
[WhiteTeamCountry "GER"]
[BlackTeamCountry "GER"]

1. e4 c5 2. Nc3 Nc6 3. f4 d6 4. Nf3 g6 5. Bb5 a6 6. Bxc6+ bxc6 7. 0-0 Bg7 8. d3 Rb8 9. e5 Bf5 10. Qe2 d5 11. Na4 Qa5 12. b3 d4 13. Bd2 Qb5 14. Bc1 e6 15. Ba3 Bf8 16. Nd2 h5 17. Nc4 Rd8 18. h3 Nh6 19. Qe1 Rd5 20. Nab6 Rd8 21. Bc1 a5 22. Qxa5 Be7 23. Qa7 1-0

[Event "Moehnesee Cup 36th"]
[Site "Moehnesee"]
[Date "2010.08.29"]
[Round "7"]
[White "Hoette, Philipp"]
[Black "Schreiner, Till"]
[Result "0-1"]
[WhiteElo "1942"]
[BlackElo "2149"]
[PlyCount "84"]
[EventDate "2010.08.26"]
[EventType "swiss"]
[EventRounds "7"]
[EventCountry "GER"]
[SourceTitle "EXT 2011"]
[Source "ChessBase"]
[SourceDate "2010.11.26"]
[SourceVersion "1"]
[SourceVersionDate "2010.11.26"]
[SourceQuality "1"]

1. e4 c5 2. Nc3 d6 3. f4 Nc6 4. Nf3 g6 5. Bb5 Bd7 6. 0-0 Bg7 7. d3 e6 8. Be3 Nd4 9. Bxd7+ Qxd7 10. Bxd4 cxd4 11. Ne2 e5 12. c3 dxc3 13. Nxc3 exf4 14. Qb3 Nf6 15. Qb5 0-0 16. Qxd7 Nxd7 17. Nd5 Nc5 18. Rab1 Nxd3 19. b4 Kh8 20. Rbd1 Ne5 21. Nxf4 Nxf3+ 22. gxf3 Be5 23. Nd5 Rac8 24. Rc1 Bb2 25. Rxc8 Rxc8 26. Rd1 h5 27. Rd2 Bg7 28. Kg2 Rc4 29. a3 Kg8 30. Rd3 Kf8 31. Ne3 Rd4 32. Rxd4 Bxd4 33. Nc4 Ke7 34. Kf1 b5 35. Nd2 Bb2 36. Nb1 Ke6 37. Ke2 Ke5 38. Kd3 Kf4 39. Ke2 h4 40. Kf2 h3 41. Ke2 f6 42. Kf2 Bd4+ 0-1

[Event "Moehnesee Cup 36th"]
[Site "Moehnesee"]
[Date "2010.08.28"]
[Round "4"]
[White "Roos, Thomas"]
[Black "Hoette, Philipp"]
[Result "1/2-1/2"]
[WhiteElo "2215"]
[BlackElo "1942"]
[PlyCount "83"]
[EventDate "2010.08.26"]
[EventType "swiss"]
[EventRounds "7"]
[EventCountry "GER"]
[SourceTitle "EXT 2011"]
[Source "ChessBase"]
[SourceDate "2010.11.26"]
[SourceVersion "1"]
[SourceVersionDate "2010.11.26"]
[SourceQuality "1"]

1. d4 Nf6 2. c4 g6 3. Nc3 Bg7 4. e4 0-0 5. Be2 Nc6 6. d5 Nb4 7. Bg5 h6 8. Be3 d6 9. f3 c5 10. Qd2 Kh7 11. g4 e5 12. a3 Na6 13. h4 Bd7 14. Nh3 Rb8 15. h5 g5 16. Nf2 Ne8 17. 0-0 Bf6 18. Rfb1 Ng7 19. b4 b6 20. Rb2 Qe7 21. Rab1 Rfc8 22. Kg2 Qe8 23. Nh1 Be7 24. Ng3 f6 25. Nf5 Nxf5 26. exf5 Kg7 27. Ne4 Qd8 28. Bd3 Kf8 29. Nc3 Kf7 30. Qd1 Qe8 31. Be2 Kg7 32. Rd2 Rc7 33. Nb5 Rcb7 34. bxc5 Nxc5 35. Nc3 Ba4 36. Nxa4 Qxa4 37. Qxa4 Nxa4 38. Rb4 Nc5 39. Rdb2 Rc8 40. Rb1 Bd8 41. R4b2 Rbc7 42. Bxc5 1/2-1/2

[Event "NRW-ch U14"]
[Site "Kranenburg"]
[Date "2009.04.16"]
[Round "6"]
[White "Hoette, Philipp"]
[Black "Schneider, Lukas"]
[Result "1/2-1/2"]
[WhiteElo "1719"]
[BlackElo "1381"]
[PlyCount "101"]
[EventDate "2009.04.13"]
[EventType "swiss"]
[EventRounds "7"]
[EventCountry "GER"]
[SourceTitle "EXT 2010"]
[Source "ChessBase"]
[SourceDate "2010.11.25"]
[SourceVersion "1"]
[SourceVersionDate "2010.11.25"]
[SourceQuality "1"]

1. d4 d5 2. Nf3 Nc6 3. Bf4 Nf6 4. e3 Bd7 5. Bd3 e6 6. c3 Bd6 7. Bg3 Bxg3 8. hxg3 Qe7 9. Nbd2 0-0-0 10. a4 e5 11. dxe5 Nxe5 12. Nxe5 Qxe5 13. Nf3 Qe7 14. Nd4 Bg4 15. Qb3 Ne4 16. Rh4 Nc5 17. Qc2 Nxd3+ 18. Qxd3 h5 19. Nb5 a6 20. Nd4 Qe4 21. Qxe4 dxe4 22. b4 c5 23. bxc5 Rd5 24. f3 exf3 25. gxf3 Be6 26. Nxe6 fxe6 27. Rc4 Rhd8 28. c6 Rd2 29. cxb7+ Kxb7 30. Rb1+ Ka7 31. Rd4 R8xd4 32. cxd4 Rg2 33. Rc1 Rg1+ 34. Kd2 Rxg3 35. Rc7+ Kb6 36. Re7 Rxf3 37. Rxe6+ Ka5 38. Re5+ Kxa4 39. Rxh5 a5 40. Rg5 Rf7 41. e4 Kb4 42. d5 Kc5 43. Ke3 a4 44. Rg6 Ra7 45. Rc6+ Kb4 46. Rc1 a3 47. d6 a2 48. Ra1 Kc5 49. e5 Kd5 50. Kf4 Ke6 51. Kg5 1/2-1/2

[Event "NRW-ch U14"]
[Site "Kranenburg"]
[Date "2009.04.15"]
[Round "4"]
[White "Hoette, Philipp"]
[Black "Dette, Jan"]
[Result "1-0"]
[WhiteElo "1719"]
[BlackElo "1477"]
[PlyCount "35"]
[EventDate "2009.04.13"]
[EventType "swiss"]
[EventRounds "7"]
[EventCountry "GER"]
[SourceTitle "EXT 2010"]
[Source "ChessBase"]
[SourceDate "2010.11.25"]
[SourceVersion "1"]
[SourceVersionDate "2010.11.25"]
[SourceQuality "1"]

1. d4 d5 2. Nf3 Nf6 3. Bf4 Bf5 4. e3 e6 5. Bd3 c5 6. Bxb8 Rxb8 7. Bb5+ Nd7 8. Ne5 Qa5+ 9. Nc3 Rd8 10. 0-0 Bd6 11. Nxd7 Rxd7 12. dxc5 Bxc5 13. e4 Bxe4 14. Bxd7+ Kxd7 15. Nxe4 Ke7 16. Nxc5 Qxc5 17. Qd3 Qb6 18. Qb3 1-0

[Event "GER-chT U16"]
[Site "Bingen"]
[Date "2008.12.27"]
[Round "1.2"]
[White "Schwarzat, Julian"]
[Black "Hoette, Philipp"]
[Result "1/2-1/2"]
[WhiteElo "1951"]
[BlackElo "1725"]
[PlyCount "62"]
[EventDate "2008.12.27"]
[EventType "team-swiss"]
[EventRounds "7"]
[EventCountry "GER"]
[SourceTitle "EXT 2010"]
[Source "ChessBase"]
[SourceDate "2010.11.25"]
[SourceVersion "1"]
[SourceVersionDate "2010.11.25"]
[SourceQuality "1"]
[WhiteTeam "Segeberg SF U16"]
[BlackTeam "Paderborn Schachfreunde 2000 U16"]
[WhiteTeamCountry "GER"]
[BlackTeamCountry "GER"]

1. e4 d6 2. d4 g6 3. c4 Bg7 4. Nc3 Nf6 5. Nf3 0-0 6. Be2 Nbd7 7. Bg5 h6 8. Be3 Ng4 9. 0-0 Nxe3 10. fxe3 e5 11. Qc2 c6 12. Rad1 Qb6 13. Na4 Qc7 14. Bd3 Nb6 15. b4 Bg4 16. Be2 Bxf3 17. Bxf3 exd4 18. exd4 a5 19. c5 Nxa4 20. Qxa4 axb4 21. Qxb4 dxc5 22. dxc5 Rxa2 23. Bg4 Rb2 24. Qc4 b5 25. cxb6 Qxb6+ 26. Kh1 Rb4 27. Qe2 Re8 28. Qa2 Rbxe4 29. Qxf7+ Kh7 30. Rd7 Qb2 31. Rb7 Qd4 1/2-1/2

[Event "GER-chT WK U18 4th"]
[Site "Kiel"]
[Date "2008.06.01"]
[Round "5.1"]
[White "Hoette, Philipp"]
[Black "Lentz, Florian"]
[Result "1-0"]
[WhiteElo "1663"]
[BlackElo "934"]
[PlyCount "113"]
[EventDate "2008.05.31"]
[EventType "team-swiss"]
[EventRounds "7"]
[EventCountry "GER"]
[SourceTitle "EXT 2010"]
[Source "ChessBase"]
[SourceDate "2010.11.25"]
[SourceVersion "1"]
[SourceVersionDate "2010.11.25"]
[SourceQuality "1"]

1. e4 e5 2. d4 exd4 3. Nf3 Nf6 4. Bc4 Nc6 5. Ng5 d5 6. exd5 Nxd5 7. Qf3 Be6 8. 0-0 Ne5 9. Qb3 Nxc4 10. Nxe6 fxe6 11. Qxc4 Nf6 12. Qxe6+ Be7 13. Re1 Qd7 14. Qxd7+ Nxd7 15. Bg5 Nf6 16. Bxf6 gxf6 17. Nd2 Kd7 18. Nb3 Bb4 19. Red1 Rad8 20. c3 Bd6 21. Nxd4 Kc8 22. g3 Rhe8 23. Nf5 Be5 24. f4 Bd6 25. Nxd6+ Rxd6 26. Rxd6 cxd6 27. Kf2 Kd7 28. Rd1 f5 29. Rd3 h5 30. Re3 Rxe3 31. Kxe3 d5 32. h3 Ke6 33. Kf3 b5 34. b4 a6 35. g4 hxg4+ 36. hxg4 fxg4+ 37. Kxg4 Kf6 38. f5 Kg7 39. Kg5 Kf7 40. f6 Kf8 41. Kf5 Kf7 42. Ke5 Kf8 43. Kxd5 Kf7 44. Kc6 Kxf6 45. Kb6 Ke5 46. Kxa6 Kd5 47. Kxb5 Kd6 48. a4 Kc7 49. a5 Kb7 50. a6+ Ka7 51. c4 Kb8 52. Kc6 Ka7 53. b5 Kb8 54. b6 Ka8 55. b7+ Kb8 56. a7+ Kxa7 57. Kc7 1-0

[Event "GER-chT WK U18 4th"]
[Site "Kiel"]
[Date "2008.06.01"]
[Round "6.1"]
[White "Hoette, Philipp"]
[Black "Schaeffer, Philipp"]
[Result "1-0"]
[WhiteElo "1663"]
[BlackElo "1263"]
[PlyCount "57"]
[EventDate "2008.05.31"]
[EventType "team-swiss"]
[EventRounds "7"]
[EventCountry "GER"]
[SourceTitle "EXT 2010"]
[Source "ChessBase"]
[SourceDate "2010.11.25"]
[SourceVersion "1"]
[SourceVersionDate "2010.11.25"]
[SourceQuality "1"]

1. e4 c5 2. c4 Nc6 3. Nc3 d6 4. g3 g6 5. Bg2 Bg7 6. d3 e6 7. Nge2 Nge7 8. 0-0 0-0 9. Be3 Rb8 10. Qd2 Bh8 11. Bh6 Re8 12. f4 f5 13. Bg5 Qc7 14. exf5 Nxf5 15. Ne4 Rf8 16. g4 Nfd4 17. N2c3 a6 18. Bh6 Rd8 19. Rae1 b5 20. Ng3 Ne7 21. f5 exf5 22. Nd5 Nxd5 23. Bxd5+ Be6 24. Rxe6 Kf7 25. Ree1+ Ne6 26. Rxe6 Re8 27. Ree1+ Re6 28. Rxe6 bxc4 29. Ree1+ 1-0

[Event "GER-chT WK U18 4th"]
[Site "Kiel"]
[Date "2008.06.01"]
[Round "4.1"]
[White "Schimmel, Fabian"]
[Black "Hoette, Philipp"]
[Result "0-1"]
[WhiteElo "1166"]
[BlackElo "1663"]
[PlyCount "66"]
[EventDate "2008.05.31"]
[EventType "team-swiss"]
[EventRounds "7"]
[EventCountry "GER"]
[SourceTitle "EXT 2010"]
[Source "ChessBase"]
[SourceDate "2010.11.25"]
[SourceVersion "1"]
[SourceVersionDate "2010.11.25"]
[SourceQuality "1"]

1. e4 e6 2. d4 d5 3. exd5 exd5 4. c4 Nf6 5. Nf3 Be7 6. Nc3 0-0 7. Be3 Re8 8. Bd3 Bg4 9. 0-0 c6 10. Qd2 Bxf3 11. gxf3 Bd6 12. Kh1 Nh5 13. Ne2 Qh4 14. Ng3 Bxg3 15. fxg3 Nxg3+ 16. Kg1 Nxf1 17. Rxf1 Qd8 18. Kh1 Nd7 19. Rg1 Nf8 20. c5 Qf6 21. f4 Qe7 22. Qg2 Ng6 23. Bxg6 fxg6 24. f5 Qxe3 25. fxg6 Qe4 26. gxh7+ Kxh7 27. h3 Qxg2+ 28. Rxg2 Re1+ 29. Kh2 Rae8 30. Rg4 R1e2+ 31. Kg1 Rxb2 32. Kf1 Ree2 33. h4 Rec2 0-1

[Event "GER-chT U12"]
[Site "Verden"]
[Date "2005.12.30"]
[Round "7.3"]
[White "Schaefer, Daniela"]
[Black "Hoette, Philipp"]
[Result "0-1"]
[WhiteElo "1297"]
[BlackElo "1256"]
[PlyCount "96"]
[EventDate "2005.12.27"]
[EventType "team-swiss"]
[EventRounds "7"]
[EventCountry "GER"]
[SourceTitle "CBM 110 Extra"]
[Source "ChessBase"]
[SourceDate "2006.03.10"]
[SourceVersion "2"]
[SourceVersionDate "2006.03.10"]
[SourceQuality "1"]

1. e4 e6 2. d4 d5 3. exd5 exd5 4. Bd3 Bd6 5. Nf3 Ne7 6. c3 Nbc6 7. 0-0 0-0 8. Qc2 h6 9. Nbd2 Bg4 10. h3 Bh5 11. Re1 Re8 12. g4 Bg6 13. Nf1 Bxd3 14. Qxd3 Ng6 15. Bd2 Nf4 16. Bxf4 Bxf4 17. Qb5 Rxe1 18. Rxe1 Rb8 19. Ng3 a6 20. Qd3 Qd6 21. Nf5 Qd7 22. Ng3 g6 23. Kg2 Re8 24. Rxe8+ Qxe8 25. Qe2 Qxe2 26. Nxe2 Bd6 27. g5 Kg7 28. h4 h5 29. Nd2 Ne7 30. Ng3 Bf4 31. Nb3 b6 32. Kf3 Bd6 33. Nc1 f6 34. Nd3 fxg5 35. hxg5 h4 36. Nh1 Nf5 37. Kg4 c5 38. dxc5 bxc5 39. b4 c4 40. Nf4 Bxf4 41. Kxf4 d4 42. Kf3 dxc3 43. Ke2 Nd4+ 44. Kd1 Kf7 45. f4 h3 46. Ng3 h2 47. a4 c2+ 48. Kc1 Ne2+ 0-1